Systèmes logiques /
Guardado en:
| Autor Principal: | |
|---|---|
| Otros Autores: | , |
| Formato: | Libro |
| Idioma: | French |
| Publicado: |
Paris :
Dunod,
1967.
|
| Series: | Techniques de l'automatisme
|
| Materias: | |
| Etiquetas: |
Agregar Etiqueta
Sin Etiquetas, Sea el primero en etiquetar este registro!
|
| LEADER | 00989cam a22002655a 4500 | ||
|---|---|---|---|
| 001 | MAT.inmabb004463 | ||
| 008 | 780718s1967####fr#a#####b####001#0#fre## | ||
| 005 | 20130316233219.0 | ||
| 245 | 1 | 0 | |a Systèmes logiques / |c par J.-P. Perrin, M. Denouette, E. Daclin ; préface de M. Pélegrin. |
| 260 | |a Paris : |b Dunod, |c 1967. | ||
| 300 | |a 2 v. : |b il. ; |c 25 cm. | ||
| 440 | 0 | |a Techniques de l'automatisme | |
| 504 | |a Incluye referencias bibliográficas. | ||
| 505 | 0 | |a t. 1. Systèmes combinatoires, introduction aux systèmes séquentiels -- t. 2. Systèmes séquentiels. | |
| 510 | 4 | |a MR, |c 53 #15577a | |
| 100 | 1 | |a Perrin, J. P. |q (Jean Paul) | |
| 700 | 1 | |a Denouette, M. |q (Michel) | |
| 700 | 1 | |a Daclin, E. |q (Eric) | |
| 650 | 0 | |a Sequential machine theory. | |
| 650 | 0 | |a Switching theory. | |
| 084 | |a 94C10 (68Qxx 03Gxx) |2 msc2000 | ||
| 010 | |a 68138868 | ||
| 040 | |a DLC |c TxEU |d DLC | ||
| 859 | |h 94 |i P458 |p A-2794 |v 1 |3 t. 1 |b BIB. MATEMATICA | ||
| 859 | |h 94 |i P458 |p A-2795 |v 2 |3 t. 2 |b BIB. MATEMATICA | ||
